Countries Closest to Croatia - 30 Second Sprint - Statistics

General Stats
  • This quiz has been taken 71 times
  • The average score is 11 of 20
Answer Stats
km country miles % Correct
0 Slovenia 0
93%
0 Bosnia and Herzegovina 0
90%
0 Serbia 0
90%
12 Italy 8
83%
0 Montenegro 0
81%
0 Hungary 0
76%
23 Austria 15
66%
128 Kosovo 80
66%
70 Albania 44
64%
270 Greece 168
50%
168 Slovakia 104
50%
177 North Macedonia 110
48%
107 Romania 67
48%
315 Bulgaria 196
36%
234 Czechia 145
33%
141 San Marino 87
31%
233 Germany 145
24%
314 Vatican City 195
22%
261 Switzerland 162
19%
345 Liechtenstein 215
10%
No matching quizzes found
Score Distribution
Percent of People with Each Score
Percentile by Number Answered
Your Score History
You have not taken this quiz